Trabajo de los metales en láminas

Uloženo v:
Podrobná bibliografie
Hlavní autor: Quercy, A (Autor)
Médium: Kniha
Jazyk:španělština
Vydáno: Bilbao Urmo 1965
Edice:Estudios Industriales Superiores
Témata:
Tagy: Přidat tag
Žádné tagy, Buďte první, kdo vytvoří štítek k tomuto záznamu!

MARC

LEADER 00000nam a2200000 a 4500
001 UCP2576
003 CL-VaPUC
008 990520e19650000SP |||||||||||||||||spa|d
082 0 4 |a 671.32  |b QUE  |2 21 
100 0 |a Quercy, A  |e author  |9 429414 
245 1 0 |a Trabajo de los metales en láminas 
300 |a 309 p 
942 |c BK 
945 |d 19990520 00:00:00  |a cmena 
260 |a Bilbao  |b Urmo  |c 1965 
650 7 |a TECNOLOGIA METALURGICA  |2 CL-VaPUC  |9 342977 
650 0 |a Metales   |9 260686 
650 7 |a LAMINACION DE METALES  |2 CL-VaPUC  |9 427644 
650 7 |a LAMINAS METALICAS  |2 CL-VaPUC  |9 366212 
650 7 |a TRABAJADO DE METALES  |2 CL-VaPUC  |9 344423 
583 |a last modification  |c 20160921 11:02:27  |k Rodrigo Vera 
490 0 |a Estudios Industriales Superiores 
999 |c 281090  |d 281088 
952 |0 0  |1 0  |4 0  |6 671_320000000000000_QUE_1965  |7 0  |8 A  |9 321734  |a BIBMEC  |b BIBMEC  |d 2019-11-20  |i 1499645  |o 671.32 QUE 1965  |p 1499645  |r 2024-01-19  |w 2019-11-20  |y BK  |k MEC